000 00706cam a2200241 i 4500
001 17738233
005 20180221073013.0
008 130514s2013 nyua 001 0 eng
010 _a 2013013311
020 _a9780062088918
040 _aDLC
_beng
_cDLC
_erda
_dDLC
041 _aeng
042 _apcc
043 _ae-fr---
080 _a641.5944 WEL
082 0 0 _a641.5944 WEL
_223
100 1 _a10
101 _aNUT
245 1 4 _aThe French kitchen cookbook :
_cPatricia Wells ; photographs by Jeff Kauck.
906 _a7
_bcbc
_corignew
_d1
_eecip
_f20
_gy-gencatlg
942 _2ddc
_cBK
999 _c43057
_d43057